000 00644nam a2200241Ia 4500
003 OSt
005 20221007100946.0
006 a|||||r|||| 00| 0
007 ta
008 221006b |||||||| |||| 00| 0 eng d
024 _a5,535
037 _cTextual
040 _aLCO
_cLCO
_beng
041 _2eng
_aeng
082 _aV2:oj3(Q), K6
100 _aSHARMA G C
_9263624
245 0 _aSacularism
_b Its Implications for Law & Life in India
260 _aBombay
_bN M Tripathi
_c1966
300 _a257
650 _aLAW & LIFE
_9702369
942 _hV2:oj3(Q), K6
_cTEXL
999 _c1175098
_d1175098